000 00708nam a2200229Ia 4500
005 20230613105618.0
008 131103s9999 xx 000 0 und d
040 _aLoreto College
041 _aEnglish
082 _a940.27
_bBRU
100 _aBruun,Geoffrey
245 _aEurope and the French imperium
_b 1799 - 1814
_cGeoffrey Bruun
260 _aNew York
_bHarper & Row
_c1938
300 _axvii,280 p.
_b ill.,maps
440 _aThe Rise of Modern Europe
504 _aIncludes bibliographical references and index
650 _aModern History - 1799 - 1814 - French Revolution
651 _aEurope - Modern History
700 _aLancer,William L.,series ed.
850 _aLCLIB
942 _cBK
999 _c8731
_d59210